[Event "IECC KO email"]
[Site "IECC email"]
[Date "2003.01.03"]
[Round "?"]
[White "Miller, Warren Ray"]
[Black "Van Gimst, Herman"]
[Result "0-1"]
[WhiteElo "1018"]
[BlackElo "1125"]
[PlyCount "44"]
[EventDate "2003.??.??"]
[EventType "tourn (corr)"]
[EventRounds "6"]
[SourceTitle "Corr 2008"]
[Source "ChessBase"]
[SourceDate "2008.06.24"]
[SourceVersion "1"]
[SourceVersionDate "2008.06.24"]
[SourceQuality "1"]

1. e4 c5 2. d4 cxd4 3. Qxd4 Nc6 4. Qa4 Nf6 5. Nc3 e6 6. Be3 Bb4 7. Bd2 d5 8. Bb5 Bd7 9. e5 Bxc3 10. Bxc3 Ne4 11. Bxc6 Bxc6 12. Qb4 a5 13. Qd4 0-0 14. f3 Nxc3 15. Qxc3 Rc8 16. a4 Bxa4 17. Qa3 Bxc2 18. Ne2 Qg5 19. 0-0 Qxe5 20. Nc3 d4 21. Ne4 Bxe4 22. fxe4 Qxe4 0-1

[Event "IECC KO email"]
[Site "IECC email"]
[Date "2002.07.09"]
[Round "?"]
[White "Miller, Warren Ray"]
[Black "Melo, Olavo"]
[Result "0-1"]
[WhiteElo "1056"]
[BlackElo "1249"]
[PlyCount "66"]
[EventDate "2002.??.??"]
[EventType "tourn (corr)"]
[EventRounds "6"]
[SourceTitle "Corr 2008"]
[Source "ChessBase"]
[SourceDate "2008.06.24"]
[SourceVersion "1"]
[SourceVersionDate "2008.06.24"]
[SourceQuality "1"]

1. e4 Nf6 2. Nc3 d5 3. exd5 Nxd5 4. Nxd5 Qxd5 5. c4 Qa5 6. Nf3 c5 7. Be2 Nc6 8. 0-0 e5 9. d3 Bf5 10. Be3 Rd8 11. Qd2 Qxd2 12. Bxd2 Bxd3 13. Bxd3 Rxd3 14. Bc3 f6 15. Rad1 Rxd1 16. Rxd1 Nd4 17. Nxd4 cxd4 18. Bd2 g5 19. b4 Kd7 20. c5 Be7 21. g3 g4 22. Kg2 e4 23. h3 h5 24. h4 Rc8 25. Rc1 b6 26. c6+ Rxc6 27. Rxc6 Kxc6 28. a3 b5 29. Kf1 Kd5 30. Ke2 Kc4 31. Bc1 Bd6 32. Kd2 Be5 33. Kc2 d3+ 0-1

[Event "IECC KO email"]
[Site "IECC email"]
[Date "2002.04.08"]
[Round "?"]
[White "Miller, Warren Ray"]
[Black "Jordaan, Wayne"]
[Result "0-1"]
[WhiteElo "1024"]
[BlackElo "1192"]
[PlyCount "20"]
[EventDate "2002.??.??"]
[EventType "tourn (corr)"]
[EventRounds "6"]
[SourceTitle "Corr 2008"]
[Source "ChessBase"]
[SourceDate "2008.06.24"]
[SourceVersion "1"]
[SourceVersionDate "2008.06.24"]
[SourceQuality "1"]

1. e4 c5 2. Nf3 Nc6 3. d4 cxd4 4. Nxd4 e5 5. Nf3 Nf6 6. Nc3 Bc5 7. Bg5 Be7 8. Be2 d6 9. 0-0 0-0 10. Qxd6 Qxd6 0-1

[Event "IECC KO email"]
[Site "IECC email"]
[Date "2001.10.22"]
[Round "?"]
[White "Soule, Larry P"]
[Black "Miller, Warren Ray"]
[Result "1-0"]
[WhiteElo "1016"]
[BlackElo "1058"]
[PlyCount "37"]
[EventDate "2001.??.??"]
[EventType "tourn (corr)"]
[EventRounds "6"]
[SourceTitle "Corr 2008"]
[Source "ChessBase"]
[SourceDate "2008.06.24"]
[SourceVersion "1"]
[SourceVersionDate "2008.06.24"]
[SourceQuality "1"]

1. d4 d5 2. Nf3 Nc6 3. g3 Nf6 4. Bg2 Bg4 5. Ne5 Nxe5 6. dxe5 Nh5 7. f3 Nxg3 8. hxg3 Be6 9. Bf4 c5 10. Bh3 Bxh3 11. Rxh3 d4 12. c3 e6 13. Nd2 Be7 14. Qa4+ Kf8 15. Nc4 b6 16. 0-0-0 Qd5 17. g4 f6 18. exf6 Bxf6 19. e4 1-0

[Event "IECC KO email"]
[Site "IECC email"]
[Date "2000.05.22"]
[Round "?"]
[White "Miller, Warren Ray"]
[Black "MacPherson, Robert"]
[Result "0-1"]
[WhiteElo "1200"]
[BlackElo "1384"]
[PlyCount "34"]
[EventDate "2000.??.??"]
[EventType "tourn (corr)"]
[EventRounds "6"]
[SourceTitle "Corr 2008"]
[Source "ChessBase"]
[SourceDate "2008.06.24"]
[SourceVersion "1"]
[SourceVersionDate "2008.06.24"]
[SourceQuality "1"]

1. e4 d6 2. d4 Nf6 3. Nc3 g6 4. Nf3 Bg7 5. Be2 Bg4 6. d5 c6 7. 0-0 a5 8. a4 Nbd7 9. Bf4 Nc5 10. e5 dxe5 11. Nxe5 Nxd5 12. Nxd5 Bxe2 13. Qxe2 Qxd5 14. c3 f6 15. Nc4 Nd3 16. Nd6+ Kf8 17. c4 Nxf4 0-1